MARC

LEADER 00000nam0a2200000 4500
001 310901
005 20231102002331.0
020 |a RU  |b 82-4039ж 
035 |a (RuTPU)RU\TPU\book\336254 
090 |a 310901 
100 |a 20151201a1982 km y0rusy5003 ca 
101 0 |a rus 
102 |a RU 
105 |a a z 001zy 
200 1 |a Пластическая деформация металлов и сплавов  |e сборник статей  |f Московский государственный институт стали и сплавов (МИСиС) ; под ред. П. П. Арсентьева 
210 |a Москва  |c Металлургия  |d 1982 
215 |a 240 с.  |c ил. 
225 1 |a Научные труды [МИСиС]  |v № 140 
320 |a Библиогр. в конце ст. 
606 1 |a Металлы  |x Деформация пластическая  |x Расчет  |2 stltpush  |3 (RuTPU)RU\TPU\subj\43216  |9 62766 
610 1 |a сплавы 
610 1 |a математическое моделирование 
610 1 |a физическое моделирование 
610 1 |a экспериментальные исследования 
610 1 |a механика сплошных сред 
610 1 |a металлообработка давлением 
610 1 |a продольная прокатка 
610 1 |a крупные слитки 
610 1 |a прессование 
610 1 |a ковка 
610 1 |a винтовая прокатка 
610 1 |a термомеханическая обработка 
610 1 |a напряженно-деформированное состояние 
675 |a 669:539.374  |z rus  |v 3 
702 1 |a Арсентьев  |b П. П.  |g Петр Павлович  |4 340 
712 0 2 |a Московский государственный институт стали и сплавов (МИСиС)  |c (1962-2008)  |2 stltpush  |3 (RuTPU)RU\TPU\col\180 
801 0 |a RU  |b RuMRKP  |c 19950704  |g psbo 
801 1 |a RU  |b 63413507  |c 20151201 
801 2 |a RU  |b 63413507  |c 20191016  |g RCR 
942 |c BK